00594nam a2200217 a 450000100060000000300090000600800410001502000140005604000280007008200130009810000330011124500380014426000470018250000190022965000200024865000210026865000330028965000120032265000200033465000220035410204CO-ViMGA141112s2004 ck r 000 u spa d a958962846 aCO-ViMGAbspacCO-ViMGA04a927 V4361 aLondoño Velez ; Santiago, 10aDebora Arango : bVida de Pintura aBogotá : bMinisterio de Cultura, c1997 a241p. : il.. 14aDENUNCIA SOCIAL14aEXPRESION PAGANA14aLA EXPOSICION DEL CLUB UNION14aPINTURA14aPRIMEROS AÑOS14aSATIRA Política